| 000 | 00588cam a22001697a 4500 | ||
|---|---|---|---|
| 008 | 180718b2012 xxu||||| |||| 00| 0 eng d | ||
| 082 | _aR17x54 Sa44/101 | ||
| 100 | _aSamantroy, Ellina and M.B, Dhanya | ||
| 245 |
_aEngendering gender statistics: an analysis of gender differentiated statistics in India _cby Ellina Samantroy and Dhanya M.B |
||
| 260 |
_aNoida _bV.V.Giri National labour institute _c2012 |
||
| 300 | _a100p. | ||
| 650 | _aDewey: 303.405 | ||
| 650 | _aLCSH: Social conditions | ||
| 650 | _aLCSH: Social change | ||
| 650 | _aSocial conditions | ||
| 650 | _aSocial change | ||
| 999 |
_c503973 _d503973 |
||